000 00542nam a2200157Ia 4500
008 160316s1990 xxu||||| |||| 00| 0 eng d
082 _a336.390000
_bHEL
100 _aHeller Peter S
245 _aInternational comparisons of government expenditure revisited: The developing countries, 1975-86
250 _a
260 _aWashington D C
_bInternational Monetary Fund
_c1990
300 _a77p
_b
_cv
365 _bGratis
650 _a1. Public Finance - Government Expenditure - Policies - Developing Countries
700 _aDiamond Jack
_a
999 _c19394
_d19394